<?xml version="1.0" encoding="UTF-8"?>
<record
    xmlns:xsi="http://www.w3.org/2001/XMLSchema-instance"
    xsi:schemaLocation="http://www.loc.gov/MARC21/slim http://www.loc.gov/standards/marcxml/schema/MARC21slim.xsd"
    xmlns="http://www.loc.gov/MARC21/slim">

  <leader>01984nam a22002417a 4500</leader>
  <controlfield tag="003">NALT</controlfield>
  <controlfield tag="005">20251125233019.0</controlfield>
  <controlfield tag="008">      s2549    th                  tha d</controlfield>
  <datafield tag="040" ind1=" " ind2=" ">
    <subfield code="a">NALT</subfield>
  </datafield>
  <datafield tag="041" ind1=" " ind2=" ">
    <subfield code="a">tha</subfield>
  </datafield>
  <datafield tag="050" ind1=" " ind2=" ">
    <subfield code="a">PN1991.77 </subfield>
    <subfield code="b">&#xE2A;226&#xE04; 2549</subfield>
  </datafield>
  <datafield tag="110" ind1="2" ind2=" ">
    <subfield code="a">&#xE2A;&#xE33;&#xE19;&#xE31;&#xE01;&#xE07;&#xE32;&#xE19;&#xE40;&#xE25;&#xE02;&#xE32;&#xE18;&#xE34;&#xE01;&#xE32;&#xE23;&#xE2A;&#xE20;&#xE32;&#xE1C;&#xE39;&#xE49;&#xE41;&#xE17;&#xE19;&#xE23;&#xE32;&#xE29;&#xE0E;&#xE23;.</subfield>
    <subfield code="9">53316</subfield>
    <subfield code="b">&#xE2A;&#xE16;&#xE32;&#xE19;&#xE35;&#xE27;&#xE34;&#xE17;&#xE22;&#xE38;&#xE01;&#xE23;&#xE30;&#xE08;&#xE32;&#xE22;&#xE40;&#xE2A;&#xE35;&#xE22;&#xE07;&#xE41;&#xE25;&#xE30;&#xE27;&#xE34;&#xE17;&#xE22;&#xE38;&#xE42;&#xE17;&#xE23;&#xE17;&#xE31;&#xE28;&#xE19;&#xE4C;&#xE23;&#xE31;&#xE10;&#xE2A;&#xE20;&#xE32;. &#xE01;&#xE25;&#xE38;&#xE48;&#xE21;&#xE07;&#xE32;&#xE19;&#xE1C;&#xE25;&#xE34;&#xE15;&#xE23;&#xE32;&#xE22;&#xE01;&#xE32;&#xE23;&#xE27;&#xE34;&#xE17;&#xE22;&#xE38;&#xE01;&#xE23;&#xE30;&#xE08;&#xE32;&#xE22;&#xE40;&#xE2A;&#xE35;&#xE22;&#xE07;</subfield>
  </datafield>
  <datafield tag="245" ind1="1" ind2="0">
    <subfield code="a">&#xE04;&#xE39;&#xE48;&#xE21;&#xE37;&#xE2D;&#xE2B;&#xE19;&#xE49;&#xE32;&#xE44;&#xE21;&#xE04;&#xE4C; /</subfield>
    <subfield code="c">&#xE01;&#xE25;&#xE38;&#xE48;&#xE21;&#xE07;&#xE32;&#xE19;&#xE1C;&#xE25;&#xE34;&#xE15;&#xE23;&#xE32;&#xE22;&#xE01;&#xE32;&#xE23;&#xE27;&#xE34;&#xE17;&#xE22;&#xE38;&#xE01;&#xE23;&#xE30;&#xE08;&#xE32;&#xE22;&#xE40;&#xE2A;&#xE35;&#xE22;&#xE07;. &#xE2A;&#xE16;&#xE32;&#xE19;&#xE35;&#xE27;&#xE34;&#xE17;&#xE22;&#xE38;&#xE01;&#xE23;&#xE30;&#xE08;&#xE32;&#xE22;&#xE40;&#xE2A;&#xE35;&#xE22;&#xE07;&#xE41;&#xE25;&#xE30;&#xE27;&#xE34;&#xE17;&#xE22;&#xE38;&#xE42;&#xE17;&#xE23;&#xE17;&#xE31;&#xE28;&#xE19;&#xE4C;&#xE23;&#xE31;&#xE10;&#xE2A;&#xE20;&#xE32;. &#xE2A;&#xE33;&#xE19;&#xE31;&#xE01;&#xE07;&#xE32;&#xE19;&#xE40;&#xE25;&#xE02;&#xE32;&#xE18;&#xE34;&#xE01;&#xE32;&#xE23;&#xE2A;&#xE20;&#xE32;&#xE1C;&#xE39;&#xE49;&#xE41;&#xE17;&#xE19;&#xE23;&#xE32;&#xE29;&#xE0E;&#xE23;.</subfield>
  </datafield>
  <datafield tag="260" ind1=" " ind2=" ">
    <subfield code="a">&#xE01;&#xE23;&#xE38;&#xE07;&#xE40;&#xE17;&#xE1E;&#xE2F; : </subfield>
    <subfield code="b">&#xE2A;&#xE33;&#xE19;&#xE31;&#xE01;&#xE07;&#xE32;&#xE19;&#xE40;&#xE25;&#xE02;&#xE32;&#xE18;&#xE34;&#xE01;&#xE32;&#xE23;&#xE2A;&#xE20;&#xE32;&#xE1C;&#xE39;&#xE49;&#xE41;&#xE17;&#xE19;&#xE23;&#xE32;&#xE29;&#xE0E;&#xE23;. &#xE2A;&#xE16;&#xE32;&#xE19;&#xE35;&#xE27;&#xE34;&#xE17;&#xE22;&#xE38;&#xE01;&#xE23;&#xE30;&#xE08;&#xE32;&#xE22;&#xE40;&#xE2A;&#xE35;&#xE22;&#xE07;&#xE41;&#xE25;&#xE30;&#xE27;&#xE34;&#xE17;&#xE22;&#xE38;&#xE42;&#xE17;&#xE23;&#xE17;&#xE31;&#xE28;&#xE19;&#xE4C;&#xE23;&#xE31;&#xE10;&#xE2A;&#xE20;&#xE32;. &#xE01;&#xE25;&#xE38;&#xE48;&#xE21;&#xE07;&#xE32;&#xE19;&#xE1C;&#xE25;&#xE34;&#xE15;&#xE23;&#xE32;&#xE22;&#xE01;&#xE32;&#xE23;&#xE27;&#xE34;&#xE17;&#xE22;&#xE38;&#xE01;&#xE23;&#xE30;&#xE08;&#xE32;&#xE22;&#xE40;&#xE2A;&#xE35;&#xE22;&#xE07;, </subfield>
    <subfield code="c">2549.</subfield>
  </datafield>
  <datafield tag="300" ind1=" " ind2=" ">
    <subfield code="a">59 &#xE2B;&#xE19;&#xE49;&#xE32; ;</subfield>
    <subfield code="c">18 &#xE0B;&#xE21;.</subfield>
  </datafield>
  <datafield tag="650" ind1=" " ind2="4">
    <subfield code="a">&#xE19;&#xE31;&#xE01;&#xE08;&#xE31;&#xE14;&#xE23;&#xE32;&#xE22;&#xE01;&#xE32;&#xE23;&#xE27;&#xE34;&#xE17;&#xE22;&#xE38;</subfield>
    <subfield code="9">35179</subfield>
  </datafield>
  <datafield tag="650" ind1=" " ind2="4">
    <subfield code="a">&#xE27;&#xE34;&#xE17;&#xE22;&#xE38;</subfield>
    <subfield code="9">318</subfield>
    <subfield code="x">&#xE01;&#xE32;&#xE23;&#xE1C;&#xE25;&#xE34;&#xE15;&#xE41;&#xE25;&#xE30;&#xE01;&#xE32;&#xE23;&#xE01;&#xE33;&#xE01;&#xE31;&#xE1A;&#xE23;&#xE32;&#xE22;&#xE01;&#xE32;&#xE23;</subfield>
  </datafield>
  <datafield tag="650" ind1="0" ind2="4">
    <subfield code="a">&#xE23;&#xE32;&#xE22;&#xE01;&#xE32;&#xE23;&#xE27;&#xE34;&#xE17;&#xE22;&#xE38; -- &#xE01;&#xE32;&#xE23;&#xE1C;&#xE25;&#xE34;&#xE15;&#xE41;&#xE25;&#xE30;&#xE01;&#xE32;&#xE23;&#xE01;&#xE33;&#xE01;&#xE31;&#xE1A;&#xE23;&#xE32;&#xE22;&#xE01;&#xE32;&#xE23;&#xE19;&#xE31;&#xE01;&#xE08;&#xE31;&#xE14;&#xE23;&#xE32;&#xE22;&#xE01;&#xE32;&#xE23;&#xE27;&#xE34;&#xE17;&#xE22;&#xE38; -- &#xE04;&#xE39;&#xE48;&#xE21;&#xE37;&#xE2D;</subfield>
  </datafield>
  <datafield tag="850" ind1=" " ind2=" ">
    <subfield code="a">NALT</subfield>
  </datafield>
  <datafield tag="856" ind1="4" ind2="0">
    <subfield code="u">https://hdl.handle.net/20.500.14156/433681</subfield>
  </datafield>
  <datafield tag="942" ind1=" " ind2=" ">
    <subfield code="c">GB</subfield>
    <subfield code="2">lcc</subfield>
  </datafield>
  <datafield tag="998" ind1=" " ind2=" ">
    <subfield code="c">103</subfield>
    <subfield code="j">109</subfield>
    <subfield code="k"> &#xE2D;&#xE32;&#xE23;&#xE35;&#xE23;&#xE31;&#xE15;&#xE19;&#xE4C; &#xE27;&#xE34;&#xE0A;&#xE32;&#xE0A;&#xE48;&#xE32;&#xE07;</subfield>
  </datafield>
  <datafield tag="999" ind1=" " ind2=" ">
    <subfield code="c">51015</subfield>
    <subfield code="d">51015</subfield>
  </datafield>
  <datafield tag="952" ind1=" " ind2=" ">
    <subfield code="0">0</subfield>
    <subfield code="1">0</subfield>
    <subfield code="4">0</subfield>
    <subfield code="7">0</subfield>
    <subfield code="8">CGBL</subfield>
    <subfield code="a">NALT</subfield>
    <subfield code="b">NALT</subfield>
    <subfield code="l">1</subfield>
    <subfield code="o">PN 1991.77 &#xE2A;226&#xE04; 2549</subfield>
    <subfield code="p">3961167155</subfield>
    <subfield code="r">2018-08-06 00:00:00</subfield>
    <subfield code="s">2018-07-31</subfield>
    <subfield code="w">2017-06-09</subfield>
    <subfield code="y">GB</subfield>
  </datafield>
</record>
